Statystyki dla 10 najbardziej dotkniętych krajów Covid-19 - 16 kwietnia

Kliknij tutaj aby rozwiązać quiz!

Ogólne statystyki

  • Ten quiz został rozwiązany 80 razy
  • Średni wynik to 9 z 14

Statystyki odpowiedzi

stawka
za milion
kraj% Poprawnych
Chiny
95%
..Niemcy
91%
1687Stany Zjednoczone
91%
2586Włochy
89%
3568Hiszpania
87%
2031Francja
80%
Wielka Brytania
67%
..Holandia
51%
2558Belgia
49%
Iran
49%
1627Portugalia
49%
2937Szwajcaria
28%
Turcja
25%
1955Irlandia
23%

Rozkład punktacji

Percentyl według liczby udzielonych odpowiedzi

Procent ludzi z każdym wynikiem

Twoja historia wyników

Nie rozwiązałeś tego quizu